Noches de "Casablanca" (Record no. 179869)
[ view plain ]
| 000 -LEADER | |
|---|---|
| campo de control de longitud fija | 01261nam a2200301 i 4500 |
| 001 - NÚMERO DE CONTROL | |
| campo de control | 179869 |
| 003 - IDENTIFICADOR DE NÚMERO DE CONTROL | |
| campo de control | ES-MaACL |
| 005 - FECHA Y HORA DE LA ÚLTIMA TRANSACCIÓN | |
| campo de control | 20250821111428.0 |
| 008 - DATOS DE LONGITUD FIJA--INFORMACIÓN GENERAL | |
| campo de control de longitud fija | 120215s2011 sp aco |||| |bspa d |
| 020 ## - NÚMERO INTERNACIONAL ESTÁNDAR DEL LIBRO | |
| Número Internacional Estándar del Libro | 978-84-933509-9-4 |
| ISBN cancelado o inválido | 978-84-93350-99-0 |
| 080 ## - NÚMERO DE LA CLASIFICACIÓN DECIMAL UNIVERSAL | |
| Número de la Clasificación Decimal Universal | 929 Ruiz Huidobro, Luis |
| 100 1# - ENTRADA PRINCIPAL--NOMBRE DE PERSONA | |
| Nombre de persona | Moral, Ada del. |
| 9 (RLIN) | 149371 |
| 245 10 - MENCIÓN DEL TÍTULO | |
| Título | Noches de "Casablanca" |
| Resto del título | : una historia republicana / |
| Mención de responsabilidad, etc. | Ada del Moral ; [prólogo, Stanley G. Payne]. |
| 246 3# - FORMA VARIANTE DEL TITULO | |
| Texto de visualización | Subtít. de cub.: |
| Título propio/Titulo breve | Vida, pasión y exilio de Luis Ruiz Huidobro, "ministro" de la Junta de Defensa de Madrid del general Miaja |
| 260 ## - PUBLICACIÓN, DISTRIBUCIÓN, ETC. | |
| Lugar de publicación, distribución, etc. | Madrid : |
| Nombre del editor, distribuidor, etc. | Saber y Comunicación, |
| Fecha de publicación, distribución, etc. | [2011] |
| 300 ## - DESCRIPCIÓN FÍSICA | |
| Extensión | 126 p., [16] p. de lám. fot. ; |
| Dimensiones | 23 cm. |
| 490 1# - MENCIÓN DE SERIE | |
| Mención de serie | Leer/Testimonio |
| 505 8# - NOTA DE CONTENIDO CON FORMATO | |
| Nota de contenido con formato | Contiene: De Ada del Moral / Javier Huerta . Una familia republicana / José Luis Gutiérrez (editor) |
| 600 17 - PUNTO DE ACCESO ADICIONAL DE MATERIA--NOMBRE DE PERSONA | |
| Nombre de persona | Ruiz Huidobro, Luis, |
| Fechas asociadas al nombre | 1897-1950 |
| Fuente del encabezamiento o término | |
| 9 (RLIN) | 149372 |
| 700 1# - ENTRADA AGREGADA--NOMBRE PERSONAL | |
| Nombre de persona | Payne, Stanley G. |
| 9 (RLIN) | 89729 |
| 700 1# - ENTRADA AGREGADA--NOMBRE PERSONAL | |
| Nombre de persona | Huerta Calvo, Javier |
| 9 (RLIN) | 64560 |
| 700 1# - ENTRADA AGREGADA--NOMBRE PERSONAL | |
| Nombre de persona | Gutiérrez Suárez, José Luis |
| 9 (RLIN) | 61063 |
| 830 1# - PUNTO DE ACCESO ADICIONAL DE SERIE-TÍTULO UNIFORME | |
| Título uniforme | Leer/Testimonio |
| 9 (RLIN) | 224554 |
| 852 ## - LOCALIZACIÓN | |
| Ubicación | ES-MaACL |
| itemnumber | 186770 |
| Sublocalización o colección | R.146755 |
| Número de control de estantería | A-11969 |
| Signatura antigua | Olim: N-4974 |
| Ubicación en estantería | Depósito 1 |
| 942 ## - ELEMENTOS DE ENTRADA SECUNDARIOS (KOHA) | |
| Fuente del sistema de clasificación o colocación | Clasificación decimal universal |
| Tipo de ítem Koha | Libro impreso |
| Estatus retirado | Estado de pérdida | Fuente del sistema de clasificación o colocación | Estado de daño | No para préstamo | Biblioteca de origen | Biblioteca actual | Ubicación en estantería | Fecha de adquisición | Fuente de adquisición | Total de préstamos | Signatura topográfica completa | Código de barras | Visto por última vez | Precio de reemplazo | Tipo de ítem Koha |
|---|---|---|---|---|---|---|---|---|---|---|---|---|---|---|---|
| Clasificación decimal universal | Biblioteca del Ateneo de Madrid | Biblioteca del Ateneo de Madrid | Depósito 1 | 15/02/2012 | Donación | A-11969 | 1188963 | 23/02/2023 | 23/02/2023 | Libro impreso |
